Chile descripción física, política, social, industrial y comercial de la República de Chile

Αποθηκεύτηκε σε:
Λεπτομέρειες βιβλιογραφικής εγγραφής
Μορφή: Βιβλίο
Γλώσσα:Ισπανικά
Έκδοση: Santiago Libreria C. Tornero 1903
Θέματα:
Ετικέτες: Προσθήκη ετικέτας
Δεν υπάρχουν, Καταχωρήστε ετικέτα πρώτοι!

MARC

LEADER 00000nam a2200000 a 4500
001 UCV9529
003 CL-VaPUC
008 921112e19030000CL |||||||||||||||||spa|d
082 0 4 |a 918.3  |b CHI  |2 21 
245 1 0 |a Chile descripción física, política, social, industrial y comercial de la República de Chile 
300 |a 311 p 
942 |c BK 
945 |d 19921112 00:00:00 
260 |a Santiago  |b Libreria C. Tornero  |c 1903 
650 0 |a Geografía de Chile   |9 268295 
650 0 |a Geografía económica   |9 267757 
650 0 |a Geografía política  |9 268296 
650 0 |a Hacienda pública  |9 258673 
650 0 |a Industria minera  |9 260256 
650 0 |a Historia militar  |9 268297 
651 7 |a CHILE  |2 CL-VaPUC  |9 303541 
583 |a last modification  |c 19921112 00:00:00  |k Rodrigo Vera 
999 |c 214848  |d 214846 
952 |0 0  |1 0  |4 0  |6 918_300000000000000_CHI_1903  |7 0  |8 P  |9 198624  |a BIBARQ  |b BIBARQ  |d 2019-11-14  |i 2660539  |o 918.3 CHI 1903  |p 2660539  |r 2025-01-20  |w 2019-11-14  |y BK  |k ARQ